[Event "FIDE World Rapid Team"]
[Site "London ENG"]
[Date "2025.06.12"]
[Round "7.4"]
[White "Mendonca, Leon Luke"]
[Black "Donchenko, Alexander"]
[Result "1-0"]
[WhiteTitle "GM"]
[BlackTitle "GM"]
[WhiteElo "2603"]
[BlackElo "2613"]
[WhiteTeam "Team MGD1"]
[BlackTeam "Germany and Friends"]
[WhiteFideId "35028561"]
[BlackFideId "24603295"]
[EventDate "2025.06.11"]
[EventType "team"]

1. Nf3 c5 2. e3 Nf6 3. d4 g6 4. Be2 Bg7 5. O-O O-O 6. Nc3 cxd4 7. exd4 d5 8. Ne5
Nc6 9. Re1 Bf5 10. Bf4 Rc8 11. Bf3 a6 12. a3 b5 13. h3 Be6 14. Qd2 Qb6 15. Nxc6
Qxc6 16. Be5 Rfd8 17. Rac1 Bf5 18. Ne2 Be4 19. Bxf6 Qxf6 20. Bxe4 dxe4 21. Qe3
Qc6 22. c3 f5 23. Rcd1 Rd7 24. f3 exf3 25. Qxf3 Qxf3 26. gxf3 e5 27. dxe5 Rxd1
28. Rxd1 Bxe5 29. Rd5 Re8 30. Kf2 Kf7 31. a4 Ke6 32. Rc5 bxa4 33. Rc6+ Kd5 34.
Rxa6 Rb8 35. Ra5+ Ke6 36. Rxa4 Rxb2 37. Ke3 Kf6 38. Ra6+ Kg7 39. Re6 Bf6 40. Rc6
Be5 41. Rc5 Bf6 42. Rc7+ Kh6 43. c4 Rb3+ 44. Kf2 Bh4+ 45. Kg2 Rb2 46. Kf1 Rb1+
47. Kg2 Rb2 48. Kf1 Rc2 49. c5 Bd8 50. Rc8 Bb6 51. c6 Kg5 52. Ke1 Kh4 53. Kd1
Rc5 54. Kd2 Kxh3 55. Kd3 Kg2 56. f4 h5 57. Nc3 Ba5 58. Na4 Rc1 59. Nb2 Kf3 60.
Nc4 Rc3+ 61. Kd4 Rxc4+ 62. Kxc4 Bd2 63. Rg8 Bxf4 64. Rxg6 h4 65. Rf6 Kg4 66.
Rg6+ Kh5 67. Rg7 h3 68. c7 Bxc7 69. Rxc7 Kg4 70. Kd3 h2 71. Rh7 Kg3 72. Ke2 Kg2
73. Rg7+ Kh3 74. Kf2 h1=N+ 75. Kf3 Kh2 76. Rg2+ Kh3 77. Rg5 Kh2 78. Rxf5 Ng3 79.
Rg5 Nh1 80. Rg6 1-0

[Event "FIDE World Rapid Team"]
[Site "London ENG"]
[Date "2025.06.12"]
[Round "7.5"]
[White "Wagner, Dinara"]
[Black "Tsolakidou, Stavroula"]
[Result "1/2-1/2"]
[WhiteTitle "IM"]
[BlackTitle "IM"]
[WhiteElo "2404"]
[BlackElo "2428"]
[WhiteTeam "Germany and Friends"]
[BlackTeam "Team MGD1"]
[WhiteFideId "24157570"]
[BlackFideId "4264312"]
[EventDate "2025.06.11"]
[EventType "team"]

1. d4 Nf6 2. c4 g6 3. Nc3 Bg7 4. e4 d6 5. Nf3 O-O 6. Be2 e5 7. d5 a5 8. Be3 Ng4
9. Bg5 f6 10. Bh4 Na6 11. Nd2 Nh6 12. a3 Bd7 13. Rb1 g5 14. Bg3 f5 15. h3 f4 16.
Bh2 Nc5 17. Bg1 a4 18. f3 b6 19. Bxc5 bxc5 20. Bd3 Nf7 21. Nb5 Qb8 22. Rc1 h5
23. Nb1 g4 24. hxg4 hxg4 25. N1c3 Ng5 26. Kd2 Kf7 27. Kc2 Qb6 28. Kb1 Qa5 29.
fxg4 Rh8 30. Rh5 Bf6 31. Qe2 Rhg8 32. Bc2 Ke7 33. Bxa4 Nf7 34. Rh7 Bxg4 35. Qf2
Rg6 36. Bd1 Rag8 37. Bxg4 Rxg4 38. Qf3 Rxg2 39. Qh5 R2g7 40. Rxg7 Rxg7 41. Qf5
Nd8 42. Rh1 Qb6 43. Qc8 Qb7 44. Qf5 Rf7 45. Qg4 Rg7 46. Qf5 Rf7 47. Rh7 Rxh7 48.
Qxh7+ Nf7 49. Ne2 1/2-1/2

[Event "FIDE World Rapid Team"]
[Site "London ENG"]
[Date "2025.06.12"]
[Round "7.6"]
[White "Atharvaa P Tayade"]
[Black "Lobkin, Bohdan"]
[Result "1-0"]
[WhiteElo "1956"]
[BlackElo "1900"]
[WhiteTeam "Team MGD1"]
[BlackTeam "Germany and Friends"]
[WhiteFideId "25042955"]
[BlackFideId "34115552"]
[EventDate "2025.06.11"]
[EventType "team"]

1. e4 e5 2. Nf3 Nc6 3. Bb5 a6 4. Ba4 Bc5 5. O-O Nge7 6. c3 Ba7 7. d4 Ng6 8. Bxc6
bxc6 9. Nxe5 Nxe5 10. dxe5 Qe7 11. Bf4 O-O 12. Nd2 a5 13. Bg3 Rb8 14. b3 Ba6 15.
Re1 Qc5 16. Rc1 Rbd8 17. Nf3 Qa3 18. Qd2 d5 19. exd6 cxd6 20. Nh4 d5 21. Nf5 g6
22. Qh6 Bxf2+ 23. Bxf2 gxf5 24. Qg5+ Kh8 25. Qf6+ Kg8 26. Bd4 1-0

[Event "FIDE World Rapid Team"]
[Site "London ENG"]
[Date "2025.06.12"]
[Round "7.1"]
[White "Firouzja, Alireza"]
[Black "Aronian, Levon"]
[Result "1-0"]
[WhiteTitle "GM"]
[BlackTitle "GM"]
[WhiteElo "2766"]
[BlackElo "2742"]
[WhiteTeam "WR Chess Team"]
[BlackTeam "Hexamind Chess Team"]
[WhiteFideId "12573981"]
[BlackFideId "13300474"]
[EventDate "2025.06.11"]
[EventType "team"]

1. e4 e6 2. d4 d5 3. Nc3 Nf6 4. e5 Nfd7 5. f4 c5 6. Nf3 Nc6 7. Be3 a6 8. Qd2 b5
9. Qf2 Qa5 10. Bd3 b4 11. Nd1 c4 12. Be2 b3+ 13. c3 Qxa2 14. Rc1 Nb6 15. O-O a5
16. f5 exf5 17. Nh4 g6 18. g4 Be6 19. gxf5 gxf5 20. Nxf5 Rg8+ 21. Kh1 O-O-O 22.
Bh6 Na4 23. Bxf8 Rdxf8 24. Nd6+ Kb8 25. Bf3 f6 26. Qh4 fxe5 27. Qxh7 Nd8 28. Qe7
Nb6 29. Nb5 Rf7 30. Qd6+ Kb7 31. Qxe5 Rd7 32. Na3 Rf8 33. Qe2 Rdf7 34. Bg2 Rxf1+
35. Bxf1 Na4 36. Bg2 Kc8 37. Nb5 Kd7 38. Qe5 Kc6 39. Qd6+ Kxb5 40. Qxf8 Nxb2 41.
Qxd8 Kc6 42. Ne3 1-0

[Event "FIDE World Rapid Team"]
[Site "London ENG"]
[Date "2025.06.12"]
[Round "7.2"]
[White "Murzin, Volodar"]
[Black "Vachier-Lagrave, Maxime"]
[Result "1-0"]
[WhiteTitle "GM"]
[BlackTitle "GM"]
[WhiteElo "2666"]
[BlackElo "2736"]
[WhiteTeam "Hexamind Chess Team"]
[BlackTeam "WR Chess Team"]
[WhiteFideId "44155573"]
[BlackFideId "623539"]
[EventDate "2025.06.11"]
[EventType "team"]

1. e4 c5 2. Nf3 e6 3. Be2 Nc6 4. O-O Nf6 5. Nc3 d5 6. exd5 exd5 7. d4 Be7 8. h3
O-O 9. Be3 c4 10. a3 Be6 11. Ne5 Nxe5 12. dxe5 Ne4 13. Nb5 Qb8 14. f4 f5 15. Bf3
Qd8 16. Bxe4 dxe4 17. Qxd8 Raxd8 18. Rad1 a6 19. Nd6 Rd7 20. a4 Bd8 21. Rd2 Ba5
22. c3 Rfd8 23. Rfd1 Bc7 24. Kf2 b6 25. Ke1 h6 26. Bf2 g5 27. Be3 Rg7 28. Nxe4
Rxd2 29. Nf6+ Kf7 30. Rxd2 Rg6 31. g3 Ke7 32. Kf2 Rg7 33. a5 bxa5 34. Nd5+ Bxd5
35. Rxd5 gxf4 36. gxf4 Rg8 37. Rc5 Kd7 38. e6+ Kd6 39. Re5 Rb8 40. Bc5+ Kc6 41.
Rxf5 Bxf4 42. e7 Bd6 43. Bxd6 Kxd6 44. Rxa5 Kxe7 45. Rxa6 Rxb2+ 46. Ke3 h5 47.
Ra5 Rb8 48. Kd4 Rh8 49. h4 Kd6 50. Kxc4 Kc6 51. Rg5 Rh6 52. Kd4 Kd6 53. c4 Rh8
54. Rg6+ Kd7 55. Kd5 Rh7 56. Kc5 Kc7 57. Rg5 Rh6 58. Rg7+ Kc8 59. Kb5 Rf6 60.
Rh7 Rf5+ 61. c5 1-0

[Event "FIDE World Rapid Team"]
[Site "London ENG"]
[Date "2025.06.12"]
[Round "7.4"]
[White "Vidit, Santosh Gujrathi"]
[Black "So, Wesley"]
[Result "1-0"]
[WhiteTitle "GM"]
[BlackTitle "GM"]
[WhiteElo "2720"]
[BlackElo "2745"]
[WhiteTeam "Hexamind Chess Team"]
[BlackTeam "WR Chess Team"]
[WhiteFideId "5029465"]
[BlackFideId "5202213"]
[EventDate "2025.06.11"]
[EventType "team"]

1. d4 Nf6 2. c4 e6 3. Nf3 d5 4. Nc3 c5 5. cxd5 cxd4 6. Qxd4 exd5 7. e4 dxe4 8.
Qxd8+ Kxd8 9. Ng5 Be6 10. Nxe6+ fxe6 11. Bg5 Nc6 12. Bc4 Ke7 13. Nxe4 Kf7 14.
Bxf6 gxf6 15. O-O-O Rd8 16. Rxd8 Nxd8 17. Rd1 Be7 18. Rd7 f5 19. Nd6+ Kf6 20.
Nxb7 Nxb7 21. Rxb7 Bc5 22. Rc7 Bxf2 23. Rc6 Re8 24. Kc2 Bg1 25. h3 Ke5 26. b4 f4
27. a4 h5 28. a5 Re7 29. b5 Kf5 30. Bd3+ Ke5 31. Be2 Rb7 32. Kc3 Bf2 33. Kc4 Rd7
34. Bxh5 Rd4+ 35. Kb3 Be1 36. b6 axb6 37. axb6 Rb4+ 38. Ka3 Rb1 39. Bg6 Ra1+ 40.
Kb3 Ra8 41. Bf7 Bf2 42. Rxe6+ Kf5 43. b7 Rb8 44. Re7 Bc5 45. Rd7 1-0

[Event "FIDE World Rapid Team"]
[Site "London ENG"]
[Date "2025.06.12"]
[Round "7.5"]
[White "Kosteniuk, Alexandra"]
[Black "Divya, Deshmukh"]
[Result "1/2-1/2"]
[WhiteTitle "GM"]
[BlackTitle "IM"]
[WhiteElo "2474"]
[BlackElo "2463"]
[WhiteTeam "WR Chess Team"]
[BlackTeam "Hexamind Chess Team"]
[WhiteFideId "4128125"]
[BlackFideId "35006916"]
[EventDate "2025.06.11"]
[EventType "team"]

1. e4 e6 2. d4 d5 3. exd5 exd5 4. Bf4 Bd6 5. Qd2 Ne7 6. Nc3 c6 7. O-O-O b5 8. h4
a5 9. Nf3 a4 10. Ne2 b4 11. Bxd6 Qxd6 12. Qf4 Qxf4+ 13. Nxf4 Bg4 14. Re1 Bxf3
15. gxf3 Ra7 16. Nd3 Na6 17. Bh3 O-O 18. Rhg1 Nc8 19. Ne5 Nb8 20. h5 Nd6 21. Rg3
Nb5 22. Rg4 Re7 23. Kd2 a3 24. bxa3 Nxa3 25. Rgg1 Rfe8 26. Nd3 Nb5 27. Rxe7 Rxe7
28. Rg4 Na6 29. Bf1 Nc3 30. Ne5 Nb8 31. h6 g6 32. Bd3 Nxa2 33. Rg1 f6 34. Nxg6
hxg6 35. Rxg6+ Kh8 36. Rxf6 Nd7 37. Rxc6 Nf8 38. Ra6 Nc3 39. Rb6 Na2 40. Rb8 Rf7
41. Ke3 Kg8 42. f4 Rf6 43. h7+ Kg7 44. Rb7+ Kh8 45. Kf3 Nc1 46. Bf1 Nxh7 47.
Rxb4 Ng5+ 48. Kg4 Ne4 49. Rb1 Na2 50. Rb8+ Kg7 51. Rb7+ Kh6 52. f5 Nxf2+ 53. Kf4
Nc3 54. Re7 Nfe4 55. Re6 Kg7 56. Ke5 Rxe6+ 57. Kxe6 Nf6 58. Bg2 Ne2 59. Ke5 Nc3
60. Ke6 Nh5 61. Ke5 Nf6 62. Ke6 Nb5 63. Ke5 Nc7 64. Kd6 Nb5+ 65. Ke5 Nc3 1/2-1/2

[Event "FIDE World Rapid Team"]
[Site "London ENG"]
[Date "2025.06.12"]
[Round "7.1"]
[White "Abdusattorov, Nodirbek"]
[Black "Maroroa Jones, Gawain C B"]
[Result "1/2-1/2"]
[WhiteTitle "GM"]
[BlackTitle "GM"]
[WhiteElo "2767"]
[BlackElo "2653"]
[WhiteTeam "Uzbekistan"]
[BlackTeam "Malcolm's Mates"]
[WhiteFideId "14204118"]
[BlackFideId "409561"]
[EventDate "2025.06.11"]
[EventType "team"]

1. e4 e5 2. Nf3 Nc6 3. Bc4 Nf6 4. d3 h6 5. c3 Bc5 6. O-O d6 7. b4 Bb6 8. a4 a5
9. b5 Ne7 10. Nbd2 O-O 11. Re1 Ng6 12. d4 Re8 13. Bd3 d5 14. exd5 exd4 15. c4 c5
16. bxc6 bxc6 17. Nb3 Bg4 18. Rxe8+ Qxe8 19. c5 Ba7 20. d6 Ne5 21. Bf4 Nxf3+ 22.
gxf3 Be6 23. Rc1 Bxb3 24. Qxb3 Nd7 25. Qb1 Rb8 26. Qc2 Bxc5 27. Bf5 Ba3 28. Ra1
Bb4 29. Qxc6 Rd8 30. Rd1 Bc3 31. Rb1 Bb4 32. Qd5 Nf6 33. Qxd4 Qc6 34. d7 Qxf3
35. Rc1 Nxd7 36. Bxd7 Qg4+ 37. Bxg4 Rxd4 38. Rc8+ Kh7 39. Bf5+ g6 40. Be3 Rd1+
41. Kg2 gxf5 42. Rc6 Rd6 43. Rc7 Kg6 44. Kf3 Re6 45. Rc8 Re4 46. Rc6+ Re6 47.
Rc4 h5 48. h3 Re8 49. Rc1 Re4 50. Rc6+ Re6 51. Rc4 Re8 52. Bb6 Re6 53. Bc7 Re8
54. Bf4 Re6 55. Rc8 Re4 56. Rg8+ Kf6 57. Rh8 Bc3 58. Rh6+ Kg7 59. Rxh5 Rxa4 60.
Rxf5 Rc4 61. Rg5+ Kf6 62. Rg4 Ke6 63. Rg8 a4 64. Ra8 Bb2 65. h4 a3 66. h5 Kf6
67. Ra6+ Kg7 68. Bd6 Rh4 69. Kg3 Rxh5 70. Bxa3 1/2-1/2

[Event "FIDE World Rapid Team"]
[Site "London ENG"]
[Date "2025.06.12"]
[Round "7.2"]
[White "Vitiugov, Nikita"]
[Black "Sindarov, Javokhir"]
[Result "1/2-1/2"]
[WhiteTitle "GM"]
[BlackTitle "GM"]
[WhiteElo "2671"]
[BlackElo "2710"]
[WhiteTeam "Malcolm's Mates"]
[BlackTeam "Uzbekistan"]
[WhiteFideId "4152956"]
[BlackFideId "14205483"]
[EventDate "2025.06.11"]
[EventType "team"]

1. d4 Nf6 2. c4 e6 3. Nc3 d5 4. cxd5 exd5 5. Bg5 Be7 6. e3 O-O 7. Bd3 Re8 8. Nf3
h6 9. Bf4 c5 10. dxc5 Bxc5 11. O-O Nc6 12. Nb5 Nh5 13. Bc7 Qe7 14. Rc1 a6 15.
Rxc5 Qxc5 16. Bd6 Qb6 17. Bc7 Qc5 18. Bd6 Qb6 19. Bc7 1/2-1/2

[Event "FIDE World Rapid Team"]
[Site "London ENG"]
[Date "2025.06.12"]
[Round "7.3"]
[White "Yakubboev, Nodirbek"]
[Black "Adams, Michael"]
[Result "1/2-1/2"]
[WhiteTitle "GM"]
[BlackTitle "GM"]
[WhiteElo "2659"]
[BlackElo "2659"]
[WhiteTeam "Uzbekistan"]
[BlackTeam "Malcolm's Mates"]
[WhiteFideId "14203987"]
[BlackFideId "400041"]
[EventDate "2025.06.11"]
[EventType "team"]

1. e4 e5 2. Nf3 Nc6 3. Bc4 Bc5 4. c3 Nf6 5. d3 d6 6. Bg5 h6 7. Bh4 a6 8. Nbd2
Qe7 9. b4 Ba7 10. O-O Be6 11. a4 Bxc4 12. Nxc4 Qe6 13. Bxf6 Qxf6 14. b5 Ne7 15.
d4 exd4 16. cxd4 O-O 17. bxa6 bxa6 18. Rc1 d5 19. exd5 Nxd5 20. Nce5 Rfd8 21.
Nc6 Rd6 22. Nfe5 a5 23. Nxa7 Rxa7 24. g3 c6 25. Qg4 Nb4 26. Rc5 Qd8 27. Rc4 Re7
28. Rfc1 Ree6 29. h4 Rf6 30. h5 Rfe6 31. Kg2 Rf6 32. R1c3 Rde6 33. Rc5 Rd6 34.
R5c4 Rde6 35. Qe4 Re8 36. Rc5 Ree6 37. R3c4 Qb6 38. f4 Qd8 39. Qf3 Rd6 40. Nxc6
Nxc6 41. Rxc6 Rxc6 42. Rxc6 Rxc6 43. Qxc6 Qxd4 44. Qa8+ Kh7 45. Qxa5 Qe4+ 46.
Kf2 Qd4+ 47. Ke2 Qe4+ 48. Kd2 Qd4+ 49. Kc2 Qc4+ 50. Kb2 Qd4+ 51. Kb3 Qd1+ 52.
Kc4 Qc2+ 53. Kb5 Qd3+ 54. Kc6 Qe4+ 55. Kd7 Qd3+ 56. Ke7 Qe4+ 57. Kxf7 Qb7+ 58.
Ke6 Qe4+ 59. Kf7 Qb7+ 60. Kf8 Qb8+ 61. Ke7 Qb7+ 62. Kd6 Qb8+ 63. Kc5 Qe8 64. Kd4
Qd7+ 65. Ke3 Qe6+ 66. Kd4 Qd7+ 67. Ke3 Qe6+ 68. Kf2 Qa2+ 69. Kf3 Qb3+ 70. Kg2
Qc2+ 71. Kh3 Qc8+ 72. Kh4 Qc1 73. Qf5+ Kg8 74. Qd5+ Kh7 75. a5 Qa1 76. Kg4 Qa4
77. Kf5 Kh8 78. Ke5 Qe8+ 79. Kd4 Qa4+ 80. Ke3 Qa3+ 81. Ke4 Qa4+ 82. Kf3 Qa3+ 83.
Kg4 Qa4 84. Kh4 Kh7 85. Qd3+ Kh8 86. a6 Qa1 87. Qe2 Qa4 88. Qe6 Qa1 89. Qe8+ Kh7
90. Qe4+ Kh8 91. Qc6 Qa2 92. Kh3 Kh7 93. Qg6+ Kh8 94. Qe8+ Kh7 95. Qe4+ Kh8 96.
Qc6 Qe2 97. Qc8+ Kh7 98. Qf5+ Kh8 99. Qg6 Qf1+ 100. Kh4 Qh1+ 101. Kg4 Qd1+ 1/2-1/2

[Event "FIDE World Rapid Team"]
[Site "London ENG"]
[Date "2025.06.12"]
[Round "7.4"]
[White "Saric, Ivan"]
[Black "Kasimdzhanov, Rustam"]
[Result "1/2-1/2"]
[WhiteTitle "GM"]
[BlackTitle "GM"]
[WhiteElo "2661"]
[BlackElo "2675"]
[WhiteTeam "Malcolm's Mates"]
[BlackTeam "Uzbekistan"]
[WhiteFideId "14508150"]
[BlackFideId "14200244"]
[EventDate "2025.06.11"]
[EventType "team"]

1. e4 e5 2. Nf3 Nc6 3. Bb5 a6 4. Ba4 Bc5 5. c3 Nge7 6. O-O Ng6 7. d4 Ba7 8. Be3
O-O 9. Nbd2 exd4 10. cxd4 d5 11. Rc1 dxe4 12. Nxe4 Nb4 13. Bg5 f6 14. Bd2 Nd5
15. Re1 Kh8 16. Nc5 Ndf4 17. Bxf4 Nxf4 18. Re4 Qd6 19. Qd2 g5 20. h4 b6 21. hxg5
fxg5 22. Nd3 Bb7 23. d5 Nxd5 24. Nxg5 b5 25. Bb3 Nf6 26. Rf4 Rad8 27. Ne6 Ne4
28. Rxf8+ Rxf8 29. Qh6 Rf7 30. Ng5 Rg7 31. Nf7+ Rxf7 32. Qxd6 Nxd6 33. Bxf7 Nxf7
34. Rxc7 Nd8 35. Nc5 Bxc5 36. Rxc5 Ne6 37. Re5 Bc8 38. f4 Kg7 1/2-1/2

[Event "FIDE World Rapid Team"]
[Site "London ENG"]
[Date "2025.06.12"]
[Round "7.5"]
[White "Khamdamova, Afruza"]
[Black "Bulmaga, Irina"]
[Result "1-0"]
[WhiteTitle "WIM"]
[BlackTitle "IM"]
[WhiteElo "2326"]
[BlackElo "2393"]
[WhiteTeam "Uzbekistan"]
[BlackTeam "Malcolm's Mates"]
[WhiteFideId "14210444"]
[BlackFideId "13903063"]
[EventDate "2025.06.11"]
[EventType "team"]

1. e4 e5 2. Nf3 Nc6 3. Bb5 Nf6 4. d3 Bc5 5. c3 O-O 6. O-O d5 7. exd5 Qxd5 8. Bc4
Qd8 9. b4 Be7 10. Nbd2 a6 11. Re1 b5 12. Bb3 Qxd3 13. Re3 Qd6 14. Qe2 Bg4 15.
Rd3 Bxf3 16. Qxf3 Nd4 17. cxd4 exd4 18. Bb2 a5 19. Rxd4 Qe5 20. Rb1 Qg5 21. Ne4
Qg6 22. Bc2 axb4 23. Nxf6+ Qxf6 24. Rg4 Qh6 25. Bxg7 Qxg7 26. Rxg7+ Kxg7 27.
Qg4+ Kh8 28. Qf5 1-0

[Event "FIDE World Rapid Team"]
[Site "London ENG"]
[Date "2025.06.12"]
[Round "7.6"]
[White "Omarov, Murat"]
[Black "Imomkuzieva, Nilufarkhon"]
[Result "1-0"]
[BlackTitle "WFM"]
[WhiteElo "1823"]
[BlackElo "2066"]
[WhiteTeam "Malcolm's Mates"]
[BlackTeam "Uzbekistan"]
[WhiteFideId "13731173"]
[BlackFideId "14216736"]
[EventDate "2025.06.11"]
[EventType "team"]

1. e4 e5 2. Nf3 Nc6 3. Bb5 a6 4. Ba4 Nf6 5. O-O d6 6. Re1 g6 7. c3 Bg7 8. d4 b5
9. Bb3 Bg4 10. Be3 O-O 11. h3 Bxf3 12. Qxf3 Na5 13. Bc2 Nc4 14. Bc1 exd4 15.
cxd4 Nd7 16. Rd1 c5 17. b3 Ncb6 18. Bb2 Rc8 19. Na3 Qe7 20. Rac1 Nb8 21. Rb1
cxd4 22. Bxd4 Bxd4 23. Rxd4 d5 24. b4 Nc6 25. Rd2 Nxb4 26. exd5 N4xd5 27. Rd3 b4
28. Bb3 Nc3 29. Rf1 a5 30. Nb1 a4 31. Re3 Qd7 32. Nxc3 axb3 33. Ne4 f5 34. Ng5
bxa2 35. Rd1 Qg7 36. Ree1 Rfd8 37. Qb3+ Rd5 38. Rxd5 Kh8 39. Rdd1 h6 40. Ne6 Qc3
41. Qxa2 b3 42. Qa6 Qb4 43. Rb1 b2 44. Qb7 Rg8 45. Re2 Qd6 46. Rexb2 Nc4 47. Re2
Ne5 48. Qb2 Qxe6 49. Qxe5+ Qxe5 50. Rxe5 Rg7 51. Reb5 1-0

[Event "FIDE World Rapid Team"]
[Site "London ENG"]
[Date "2025.06.12"]
[Round "7.1"]
[White "Rapport, Richard"]
[Black "Mamedyarov, Shakhriyar"]
[Result "1-0"]
[WhiteTitle "GM"]
[BlackTitle "GM"]
[WhiteElo "2714"]
[BlackElo "2746"]
[WhiteTeam "KazChess"]
[BlackTeam "Generation XYZA"]
[WhiteFideId "738590"]
[BlackFideId "13401319"]
[EventDate "2025.06.11"]
[EventType "team"]

1. e4 e5 2. Nf3 Nc6 3. Bb5 a6 4. Ba4 Nf6 5. d3 b5 6. Bb3 Bc5 7. a4 Rb8 8. axb5
axb5 9. Nc3 d6 10. h3 Be6 11. Bxe6 fxe6 12. Be3 Bxe3 13. fxe3 O-O 14. O-O b4 15.
Ne2 d5 16. Ng3 Qe7 17. Qe2 Qc5 18. Kh2 d4 19. Ng5 Rbe8 20. Rxf6 gxf6 21. Nxe6
Rxe6 22. Qg4+ Kf7 23. Nf5 Nd8 24. Qh5+ Kg8 25. Qg4+ Kf7 26. exd4 1-0

[Event "FIDE World Rapid Team"]
[Site "London ENG"]
[Date "2025.06.12"]
[Round "7.2"]
[White "Gurel, Ediz"]
[Black "Grischuk, Alexander"]
[Result "0-1"]
[WhiteTitle "GM"]
[BlackTitle "GM"]
[WhiteElo "2636"]
[BlackElo "2667"]
[WhiteTeam "Generation XYZA"]
[BlackTeam "KazChess"]
[WhiteFideId "44507356"]
[BlackFideId "4126025"]
[EventDate "2025.06.11"]
[EventType "team"]

1. Nf3 d5 2. b3 Bf5 3. e3 e6 4. Bb2 Nf6 5. Be2 h6 6. O-O Nbd7 7. c4 c6 8. d3 Be7
9. Nbd2 O-O 10. Qc2 Bh7 11. Rac1 a5 12. a3 Bd6 13. cxd5 exd5 14. Qb1 Re8 15.
Rfd1 Qe7 16. Qa1 c5 17. d4 a4 18. Bb5 cxd4 19. Bxd4 axb3 20. Bxf6 Nxf6 21. Bxe8
Qxe8 22. Rc3 Bc2 23. Rf1 Bxa3 24. Nxb3 Bb4 25. Rxc2 Rxa1 26. Rxa1 Ne4 27. Rac1
Qa4 28. Nbd4 Bc3 29. Ne2 Bf6 30. h4 b5 31. Rc8+ Kh7 32. h5 b4 33. Rb8 Nc3 34.
Ned4 Qa3 35. Re1 Ne4 36. Rc8 Nc3 37. g4 Qa2 38. Kg2 Qa7 39. Nf5 Qb7 40. Rc5 b3
41. N3d4 Qb4 42. Rc7 b2 43. Rxf7 b1=Q 44. Rxb1 Qxb1 45. Kh2 Qb2 46. Ne6 Qxf2+
47. Kh3 Qf3+ 0-1

[Event "FIDE World Rapid Team"]
[Site "London ENG"]
[Date "2025.06.12"]
[Round "7.3"]
[White "Esipenko, Andrey"]
[Black "Erdogmus, Yagiz Kaan"]
[Result "0-1"]
[WhiteTitle "GM"]
[BlackTitle "GM"]
[WhiteElo "2689"]
[BlackElo "2626"]
[WhiteTeam "KazChess"]
[BlackTeam "Generation XYZA"]
[WhiteFideId "24175439"]
[BlackFideId "44599790"]
[EventDate "2025.06.11"]
[EventType "team"]

1. d4 d5 2. Nf3 Nf6 3. g3 c5 4. Bg2 cxd4 5. O-O h6 6. Bf4 g5 7. Bc1 Bg7 8. Nxd4
e5 9. Nb3 Nc6 10. Nc3 d4 11. Na4 O-O 12. c3 Bg4 13. Re1 Rc8 14. cxd4 exd4 15.
Nac5 b6 16. Nd3 Re8 17. Bd2 Ne5 18. Nxe5 Rxe5 19. Nc1 Qe8 20. Bf1 Ne4 21. Nd3
Re7 22. Rc1 Rec7 23. Rxc7 Rxc7 24. Bg2 Nc5 25. Bb4 Qb5 26. Bxc5 bxc5 27. b3 c4
28. bxc4 Qxc4 29. Qb1 Qc2 30. Qb8+ Rc8 31. Qb7 Rc7 32. Qb8+ Rc8 33. Qb7 Re8 34.
Bd5 Bh5 35. Bb3 Qd2 36. g4 Bg6 37. Qc6 Rb8 38. Qxg6 Rxb3 39. Qe4 Qxa2 40. Qe8+
Bf8 41. Rc1 Rc3 42. Rd1 Rc7 43. Qe4 Re7 44. Qxd4 Qxe2 45. Re1 Qd2 46. Rxe7 Bxe7
47. Qe4 Bf6 48. Kg2 Kg7 49. Qf5 a5 50. Nc5 Qf4 51. Qd7 Qe5 52. Qc6 Qe2 53. Qd7
Qc4 54. Nb7 a4 55. Nd6 Qd5+ 56. Kg1 Kg6 57. h4 gxh4 58. Qc7 Qd1+ 59. Kg2 h3+ 60.
Kxh3 Qf3+ 61. Kh2 Qxf2+ 62. Kh3 Qf1+ 0-1

[Event "FIDE World Rapid Team"]
[Site "London ENG"]
[Date "2025.06.12"]
[Round "7.4"]
[White "Salimova, Nurgyul"]
[Black "Ansat, Aldiyar"]
[Result "1-0"]
[WhiteTitle "IM"]
[BlackTitle "IM"]
[WhiteElo "2385"]
[BlackElo "2489"]
[WhiteTeam "Generation XYZA"]
[BlackTeam "KazChess"]
[WhiteFideId "2915138"]
[BlackFideId "13715658"]
[EventDate "2025.06.11"]
[EventType "team"]

1. d4 Nf6 2. Nf3 d5 3. c4 e6 4. Nc3 dxc4 5. e4 b5 6. e5 Nd5 7. Nxb5 Nb6 8. Be2
Be7 9. O-O Nc6 10. Rb1 Bb7 11. b3 cxb3 12. Rxb3 O-O 13. Bf4 Nd5 14. Bd2 Qd7 15.
Qb1 Nb6 16. Rc1 h6 17. a4 Ba6 18. Rbc3 Bb7 19. Rb3 Ba6 20. Qc2 Nd8 21. Qe4 Qd5
22. Qb1 Rc8 23. a5 c6 24. Nc7 Qxb3 25. Qxb3 Bxe2 26. axb6 axb6 27. Qxb6 Bd3 28.
Na6 Ra8 29. Nc5 Bxc5 30. dxc5 Be4 31. Qb4 Bd5 32. Qg4 Kh7 33. Qb4 f5 34. exf6
Rxf6 35. Qb1+ Kg8 36. Bc3 Rf5 37. Nd2 Nf7 38. Nf1 Rf4 39. Ne3 Be4 40. Qb7 Ra2
41. Qb8+ 1-0

[Event "FIDE World Rapid Team"]
[Site "London ENG"]
[Date "2025.06.12"]
[Round "7.5"]
[White "Kamalidenova, Meruert"]
[Black "Kuru, Atilla"]
[Result "1-0"]
[WhiteTitle "IM"]
[BlackTitle "IM"]
[WhiteElo "2330"]
[BlackElo "2428"]
[WhiteTeam "KazChess"]
[BlackTeam "Generation XYZA"]
[WhiteFideId "13712802"]
[BlackFideId "51607948"]
[EventDate "2025.06.11"]
[EventType "team"]

1. e4 d6 2. d4 Nf6 3. Nc3 e5 4. Nf3 Nbd7 5. Rg1 c6 6. g4 h6 7. h4 Qc7 8. Be3 b5
9. g5 hxg5 10. hxg5 Nh5 11. g6 fxg6 12. Ng5 Ndf6 13. Qd2 Ng4 14. dxe5 Nxe5 15.
f4 Ng4 16. Nxb5 cxb5 17. Bxb5+ Bd7 18. Bxd7+ Qxd7 19. Rxg4 Qxg4 20. Qd5 O-O-O
21. Qa8+ Kc7 22. Qxa7+ Kc6 23. Qa6+ Kc7 24. Bb6+ Kc6 25. Ba5+ 1-0

[Event "FIDE World Rapid Team"]
[Site "London ENG"]
[Date "2025.06.12"]
[Round "7.6"]
[White "Yontar, Sabrican Onay"]
[Black "Aiten, Islam"]
[Result "0-1"]
[WhiteElo "1941"]
[BlackElo "1950"]
[WhiteTeam "Generation XYZA"]
[BlackTeam "KazChess"]
[WhiteFideId "6373623"]
[BlackFideId "13749420"]
[EventDate "2025.06.11"]
[EventType "team"]

1. e4 e5 2. Nf3 Nc6 3. Bc4 Nf6 4. d3 h6 5. c3 d6 6. Nbd2 g5 7. h3 Bg7 8. Nf1 d5
9. exd5 Nxd5 10. Ne3 Be6 11. Nxd5 Bxd5 12. Bxd5 Qxd5 13. Qb3 Qxb3 14. axb3 O-O-O
15. Ke2 Rhe8 16. Rd1 f5 17. Be3 f4 18. Bc5 b6 19. Ba3 Rd7 20. Nd2 Kb7 21. Ne4
Nd8 22. f3 Nf7 23. Rd2 Nd6 24. Bxd6 cxd6 25. c4 Rc8 26. Nc3 Bh8 27. Nd5 Rg8 28.
Rdd1 h5 29. Rh1 Rg6 30. Nc3 Bf6 31. Ne4 Bd8 32. Rad1 d5 33. Nc3 d4 34. Ne4 Rdg7
35. Rh2 g4 36. fxg4 hxg4 37. h4 Rf7 38. h5 Rh6 39. Rf1 Be7 40. Rfh1 Kb8 41. Rf1
Rfh7 42. Rfh1 Kb7 43. Nd2 Kc6 44. Ne4 b5 45. Kd1 Bd8 46. Ke2 bxc4 47. bxc4 Rb7
48. Rb1 a5 49. b3 Be7 50. Nd2 a4 51. bxa4 Rxb1 52. Nxb1 Kc5 53. a5 Kb4 54. a6
Rxa6 55. h6 Ra2+ 56. Kd1 Bf6 57. Nd2 Kc3 58. Ne4+ Kxd3 59. Nc5+ Ke3 60. h7 d3
61. Nb3 Rb2 62. Nc1 Rb1 63. g3 f3 64. Rd2 e4 65. c5 f2 66. Rxf2 Kxf2 67. c6 e3 0-1